El puerto del Musel es el verdadero puerto de Asturias / (Record no. 189342)

MARC details
000 -LEADER
campo de control de longitud fija 00715nam a2200169 i 4500
001 - NÚMERO DE CONTROL
campo de control 189342
003 - IDENTIFICADOR DE NÚMERO DE CONTROL
campo de control ES-MaACL
005 - FECHA Y HORA DE LA ÚLTIMA TRANSACCIÓN
campo de control 20251115063324.0
008 - DATOS DE LONGITUD FIJA--INFORMACIÓN GENERAL
campo de control de longitud fija 190524s1879 sp |||| | spa d
100 1# - ENTRADA PRINCIPAL--NOMBRE DE PERSONA
Nombre de persona Oriol, Román,
Fechas asociadas al nombre 1847-1898
9 (RLIN) 87263
245 13 - MENCIÓN DEL TÍTULO
Título El puerto del Musel es el verdadero puerto de Asturias /
Mención de responsabilidad, etc. por Román Oriol.
260 ## - PUBLICACIÓN, DISTRIBUCIÓN, ETC.
Lugar de publicación, distribución, etc. Oviedo :
Nombre del editor, distribuidor, etc. [s.n.],
Fecha de publicación, distribución, etc. 1879 (
Fabricante Imp. Eduardo Uría)
300 ## - DESCRIPCIÓN FÍSICA
Extensión 45 p. ;
Dimensiones 21 cm.
651 #4 - PUNTO DE ACCESO ADICIONAL DE MATERIA--NOMBRE GEOGRÁFICO
Nombre geográfico Puerto de Gijón.
9 (RLIN) 167117
852 ## - LOCALIZACIÓN
Ubicación ES-MaACL
Número de control de estantería B-8926(17)
Nota libre .- Legado de Federico de Botella y de Hornos
-- .- Encuadernado en un vol. facticio agrupado con el nombre en el lomo: España, geología, memorias y documentos varios 20 al 40
Holdings
Estatus retirado Estado de pérdida Estado de daño No para préstamo Colección Biblioteca de origen Biblioteca actual Ubicación en estantería Fecha de adquisición Fuente de adquisición Total de préstamos Signatura topográfica completa Código de barras Visto por última vez Precio de reemplazo Tipo de ítem Koha
        Libros del s. XIX Biblioteca del Ateneo de Madrid Biblioteca del Ateneo de Madrid Sala Pardo Bazán 24/05/2019     B-8926(17) 1200609 23/02/2023 23/02/2023 Libro impreso antiguo